Tottenham starting 11 and subs - Statistics

General Stats
  • This quiz has been taken 43 times
  • The average score is 9 of 16
Answer Stats
Position Answer % Correct
LF Heung-Min Son
100%
ST Harry Kane
95%
GK Hugo Lloris
90%
CB Eric Dier
73%
CB Cristian Romero
63%
SUB Ben Davies
60%
CAM Lucas Moura
60%
CDM Pierre-Emile Højbjerg
58%
RF Dejan Kulusevski
50%
SUB Harry Winks
48%
LB Sergio Reguilon
43%
CDM Rodrigo Bentancur
40%
SUB Davinson Sanchez
35%
RB Matt Doherty
25%
SUB Ryan Sessegnon
23%
SUB Pierre Gollini
8%
No matching quizzes found
Score Distribution
Percent of People with Each Score
Percentile by Number Answered
Your Score History
You have not taken this quiz